Подробности
| 000 -МАРКЕР |
| контрольное поле |
01278nam2a2200289 4500 |
| 001 - ИДЕНТИФИКАТОР ЗАПИСИ |
| контрольное поле |
RU\NLR\bibl\907221 |
| 005 - ИДЕНТИФИКАТОР ВЕРСИИ |
| контрольное поле |
20260406134136.0 |
| 010 ## - МЕЖДУНАРОДНЫЙ СТАНДАРТНЫЙ НОМЕР КНИГИ (ISBN) |
| Номер (ISBN) |
5-9697-0029-0 |
| Уточнения |
т. 3 |
| Тираж |
3000 |
| 021 ## - НОМЕР ГОСУДАРСТВЕННОЙ РЕГИСТРАЦИИ |
| Код страны |
Российская Федерация |
| Номер |
2005-84305 |
| Номер Листа государственной регистраци |
4172 |
| 035 ## - ДРУГИЕ СИСТЕМНЫЕ НОМЕРА |
| Идентификатор записи |
(NLR Aleph) 000895593 |
| 100 ## - ДАННЫЕ ОБЩЕЙ ОБРАБОТКИ |
| Данные общей обработки |
20060214d2005 |||y0rusy50 ca |
| 101 1# - ЯЗЫК РЕСУРСА |
| Язык текста, звукозаписи и т.д. |
русский |
| Язык оригинала |
датский |
| 102 ## - СТРАНА ПУБЛИКАЦИИ ИЛИ ПРОИЗВОДСТВА |
| Страна публикации |
Российская Федерация |
| 105 ## - ПОЛЕ КОДИРОВАННЫХ ДАННЫХ: ТЕКСТОВЫЕ МАТЕРИАЛЫ, МОНОГРАФИЧЕСКИЕ |
| Кодированные данные о монографическом текстовом документе |
ach ||||||||| |
| 200 1# - ЗАГЛАВИЕ И СВЕДЕНИЯ ОБ ОТВЕТСТВЕННОСТИ |
| Основное заглавие |
Сказка моей жизни |
| Первые сведения об ответственности |
пер. с дат.: О. Рождественского, Б. Ерхова |
| 210 ## - ПУБЛИКАЦИЯ, РАСПРОСТРАНЕНИЕ И ДР. |
| Дата издания, распространения и т.д. |
2005 |
| Место издания, распространения и т.д. |
Б. м. |
| 215 ## - ФИЗИЧЕСКАЯ ХАРАКТЕРИСТИКА |
| Специфическое обозначение материала и объем |
701, [2] с. |
| Другие сведения о физической характеристике |
ил., факс., портр. |
| 300 ## - ОБЩИЕ ПРИМЕЧАНИЯ |
| Текст примечания |
На обл. только авт. и частн. загл. тома |
| 461 #0 - УРОВЕНЬ НАБОРА |
| Встроенное поле |
001RU\NLR\bibl\882383 |
| -- |
2001#$aСобрание сочинений$vТ. 3 |
| Системный номер (АБИС) связанной записи |
1599058 |
| Автор |
Андерсен, Х. К. (1805-1875) |
| Место публикации |
Москва |
| Дата публикации |
2005 |
| Первые сведения об ответственности |
Ханс Кристиан Андерсен |
| Имя издателя, распространителя и т.д. |
Вагриус |
| Сведения, относящиеся к заглавию |
в 4 томах |
| Заглавие |
Собрание сочинений |
| ISBN |
5-9697-0001-0 |
| Номер тома |
Т. 3 |
| 512 1# - ЗАГЛАВИЕ ОБЛОЖКИ |
| Связь между полями |
z45790 |
| Заглавие обложки |
Сказка моей жизни |
| 790 #1 - ИМЯ ЛИЦА - АЛЬТЕРНАТИВНАЯ ФОРМА |
| Код отношения |
Автор |
| Материалы, к которым относится поле |
rus |
| Графика поля |
Кириллица |
| Начальный элемент ввода |
Андерсен |
| Часть имени, кроме начального элемента ввода |
Х. К. |
| Даты |
1805-1875 |
| Расширение инициалов личного имени |
Ханс Кристиан |
| Идентификатор авторитетной/нормативной записи |
RU\NLR\auth\772165 |
| Системный номер авторитетной/нормативной записи |
112181 |
| 801 #0 - ИСТОЧНИК ЗАПИСИ |
| Страна |
Российская Федерация |
| Организация |
NLR |
| Дата составления |
20060214 |
| Правила каталогизации |
PSBO |
| 801 #1 - ИСТОЧНИК ЗАПИСИ |
| Страна |
Российская Федерация |
| Организация |
NLR |
| Дата составления |
20060214 |
| 942 ## - ДОПОЛНИТЕЛЬНЫЕ ЭЛЕМЕНТЫ ЗАПИСИ (АБИС) |
| Тип экземпляра АБИС |
Книга |
| 980 ## - КОЛЛЕКЦИЯ |
| Название коллекции |
Национальная библиография |